Statystyki dla Wszyscy uczestnicy MŚ 2022

Kliknij tutaj aby rozwiązać quiz!

Ogólne statystyki

  • Ten quiz został rozwiązany 49 razy
  • Średni wynik to 24 z 32

Statystyki odpowiedzi

HintOdpowiedź% Poprawnych
wicemistrzFrancja
100%
mistrzArgentyna
98%
ćwierćfinałBrazylia
95%
1/8 finałuPolska
95%
3 miejsceChorwacja
93%
ćwierćfinałPortugalia
93%
1/8 finałuHiszpania
90%
ćwierćfinałHolandia
88%
1/8 finałuJaponia
88%
faza grupowaKatar
85%
4 miejsceMaroko
85%
faza grupowaMeksyk
85%
ćwierćfinałAnglia
83%
faza grupowaBelgia
80%
1/8 finałuKorea Południowa
80%
faza grupowaNiemcy
80%
faza grupowaArabia Saudyjska
78%
faza grupowaKanada
75%
1/8 finałuAustralia
73%
faza grupowaDania
73%
1/8 finałuSenegal
70%
faza grupowaUrugwaj
70%
faza grupowaWalia
70%
faza grupowaSerbia
65%
1/8 finałuSzwajcaria
65%
faza grupowaEkwador
58%
faza grupowaIran
55%
faza grupowaTunezja
55%
faza grupowaKamerun
53%
faza grupowaKostaryka
53%
faza grupowaGhana
50%
1/8 finałuStany Zjednoczone
45%

Rozkład punktacji

Percentyl według liczby udzielonych odpowiedzi

Procent ludzi z każdym wynikiem

Twoja historia wyników

Nie rozwiązałeś tego quizu